书目信息

书名: 读短文学短语 
作者: 袁敬祥
出版信息: 成都   四川大学出版社  2001.08
开本页数: 19cm  105页
丛书名:
单 册:
中图分类: H313
科图分类:
主题词: 英语
电子资源:
ISBN: 7-5614-2148-6
000 00535nam0 2200193 450
001 0633497141
005 20060302091830.92
010    @a7-5614-2148-6@dCNY8.00
100    @a20060302d2001 km y0chiy0120 ea
101 @achi
102    @aCN@b510000
200 @a读短文学短语@Adu duan wen xue duan yu@f袁敬祥著@Fyuan jing xiang zhu
210    @a成都@c四川大学出版社@d2001.08
215    @a105页@d19cm
606 @a英语
690    @aH313@v4
701  0 @a袁敬祥@Ayuan jing xiang@4著
801  0 @aCN@bNISOFT@c20060302
905    @a10447@dH313@e53
    
    读短文学短语/袁敬祥著.-成都:四川大学出版社,2001.08
    105页;19cm
    
    
    ISBN 7-5614-2148-6:CNY8.00
    
相关链接 在五车中查询图书 在当当中查询图书 在豆瓣中查询图书


正题名:读短文学短语     索取号:H313/53         预约/预借

序号 登录号 条形码 馆藏地/架位号 状态 备注
1 80040   200800400   海科密-1楼/25架10列2层/ [索取号:H313/53] 在馆    
2 80041   200800419   海科密-1楼/25架14列1层/ [索取号:H313/53] 在馆    
3 80042   200800428   海科密-1楼/25架14列4层/ [索取号:H313/53] 在馆    
4 80043   200800437   海科密-1楼/25架6列7层/ [索取号:H313/53] 在馆